Années d'évènements historiques - Statistiques

Statistiques générales
  • Ce quiz a été pris 37 fois
    18 depuis la dernière actualisation
  • Le résultat moyen est 6 sur 10
Statistiques - réponses
Évènement historique Date % Correct
"Découverte" de l'Amérique par Christophe Colomb 1492
100%
Révolution française 1789
92%
Fin de la première guerre mondiale 1918
92%
Début de la deuxième guerre mondiale 1939
92%
Première victoire de la France à la coupe du monde de football 1998
92%
Chute de l'Empire romain d'Occident 476
54%
Début du règne de Louis XIV 1643
46%
Chute de l'Empire romain d'Orient 1453
23%
Mort de François 1er 1547
23%
Mort de Clovis 511
23%
Aucun quiz correspondant
Distribution des résultats
% des personnes avec chaque résultat
Percentile par nombre de réponses
Votre historique - résultats
Vous n’avez pas pris ce quiz depuis la dernière actualisation